01439 a2200205 4500003000500000005001700005010001600022020001500038040000900053082001500062100002800077245021300105260004900318300002900367505071600396650003901112650002301151700003101174700002801205NUST20230102175946.0 a 75017565 a0139653279 cNust00a372.13,ING1 aIngram, Barbara Kilroy,14aThe workshop approach to classroom interest centers :ba teacher's handbook of learning games and activities /cBarbara Kilroy Ingram, Nancy Riggs Jones, Marlene LeButt ; illustrated by Barbara Kilroy Ingram. aWest Nyack, N.Y. :bParker Pub. Co.,c[1975] a227 p. :bill. ;c24 cm. aEstablishing the Model Workshop (Page-21), Individualizing the Basic Operations Through the Math Shop (Page-34), Combining Penmanship and Creative Artistry in the Hand art Shop (Page-57), self-Discovery in the Science Shop (Page-74), The Reading Shop for Enjoyment and Enlightenment (Page-88), Stimulating the Mind Through the Creative Writing Shop (Page-101), Developing Vocabulary in The Spelling Shop (Page-116), Sight and Sound Experiences Through the A.V.Shop (Page-128), Becoming A Ware of the World in the Social Studies Shop (Page-142), Developing Study Units for the Health Shop (Page-169), Expressing yourself Correctly in the Language Shop (Page-187), Interest Centers the Workshop Way (Page-212).  0aCreative activities and seat work. 0aEducational games.1 aJones, Nancy Riggs,d1950-1 aLeButt, Marlene,d1948-